[Event "Pinheiros CC-ch"]
[Site "Pinheiros"]
[Date "2019.05.04"]
[Round "4"]
[White "Zeituni, Carlos Alberto"]
[Black "Venelli, Luiz Gonzaga"]
[Result "1-0"]
[WhiteElo "1698"]
[BlackElo "1569"]
[PlyCount "49"]
[EventDate "2019.04.06"]
[EventType "tourn"]
[EventRounds "11"]
[EventCountry "BRA"]
[SourceTitle "EXT 2020"]
[Source "ChessBase"]
[SourceDate "2019.10.17"]
[SourceVersion "1"]
[SourceVersionDate "2019.10.17"]
[SourceQuality "1"]

1. e4 e5 2. Nf3 Nc6 3. d4 exd4 4. Bc4 Be7 5. Nxd4 Ne5 6. Bb3 Nf6 7. f4 Nc6 8. Nf5 0-0 9. e5 Ne4 10. Qg4 g6 11. Nh6+ Kg7 12. f5 d5 13. f6+ Bxf6 14. exf6+ Qxf6 15. Qf3 Be6 16. 0-0 Qxf3 17. gxf3 Nc5 18. Ng4 Nxb3 19. Bh6+ Kg8 20. axb3 Rfd8 21. Nc3 a6 22. Bg5 Rdc8 23. Nf6+ Kg7 24. Nfxd5 Nd4 25. Bf6+ 1-0

[Event "Sao Paulo Karman Cup"]
[Site "Sao Paulo"]
[Date "2018.08.11"]
[Round "3"]
[White "Venelli, Luiz Gonzaga"]
[Black "Seccafim, Caic Dos Santos"]
[Result "0-1"]
[WhiteElo "1597"]
[BlackElo "1714"]
[PlyCount "110"]
[EventDate "2018.08.10"]
[EventType "swiss"]
[EventRounds "6"]
[EventCountry "BRA"]
[SourceTitle "CBM 186 Extra"]
[Source "ChessBase"]
[SourceDate "2018.08.24"]
[SourceVersion "1"]
[SourceVersionDate "2018.08.24"]
[SourceQuality "1"]

1. e4 e6 2. d4 d5 3. Nc3 dxe4 4. Nxe4 Bd7 5. Nf3 Bc6 6. Bd3 Nd7 7. Ne5 Nxe5 8. dxe5 Qd4 9. Qe2 Qxe5 10. 0-0 Nf6 11. Nxf6+ Qxf6 12. Bb5 Bd6 13. Bxc6+ bxc6 14. c3 0-0 15. Be3 Rfd8 16. Qg4 Rdb8 17. Rab1 Rb5 18. c4 Ra5 19. a3 Be5 20. Bc1 c5 21. b4 cxb4 22. axb4 Ra2 23. Rb3 Rd8 24. Rf3 Qg6 25. Qxg6 hxg6 26. Ra3 Rxa3 27. Bxa3 Rd3 28. Bc1 Kf8 29. Be3 Bd4 30. Bxd4 Rxd4 31. Rc1 Ke7 32. Kf1 Rd2 33. Ke1 Ra2 34. h3 e5 35. g3 f5 36. h4 Ke6 37. Rc3 e4 38. f3 Ke5 39. c5 Kd4 40. Rb3 Kc4 41. Re3 exf3 42. Rxf3 Kxb4 43. g4 fxg4 44. Rf4+ Kxc5 45. Rxg4 Ra6 46. Rg5+ Kb4 47. h5 gxh5 48. Rxg7 Rc6 49. Rh7 Rc5 50. Kf2 a5 51. Rd7 a4 52. Rd4+ Rc4 53. Rd5 a3 54. Rxh5 a2 55. Rh1 Kb3 0-1

[Event "Primeira-ch ECP"]
[Site "Sao Paulo"]
[Date "2018.06.30"]
[Round "11.1"]
[White "Van Riemsdijk, Marius Rombout"]
[Black "Venelli, Luiz Gonzaga"]
[Result "1-0"]
[WhiteElo "1724"]
[BlackElo "1592"]
[PlyCount "55"]
[EventDate "2018.04.07"]
[EventType "tourn"]
[EventRounds "11"]
[EventCountry "BRA"]
[SourceTitle "EXT 2022"]
[Source "ChessBase"]
[SourceDate "2021.10.06"]
[SourceVersion "1"]
[SourceVersionDate "2021.10.06"]
[SourceQuality "1"]

1. e4 e5 2. Nf3 Nc6 3. Bc4 Bc5 4. b4 Bxb4 5. c3 Be7 6. d4 exd4 7. cxd4 Bb4+ 8. Bd2 Bxd2+ 9. Nbxd2 d6 10. 0-0 Nh6 11. d5 Ne7 12. Qa4+ Bd7 13. Bb5 a6 14. Bxd7+ Qxd7 15. Qb3 Rb8 16. Rfc1 0-0 17. Rab1 Ng6 18. Qc3 Rfc8 19. Nf1 Ng4 20. Ng3 N4e5 21. Nd4 c6 22. dxc6 Nxc6 23. Ngf5 Nxd4 24. Qxd4 f6 25. Qd5+ Kh8 26. Nxd6 Nf8 27. Nf7+ Kg8 28. Nh6+ 1-0

[Event "Primeira-ch ECP"]
[Site "Sao Paulo"]
[Date "2018.05.26"]
[Round "7.1"]
[White "Tannous, Thiago Saddi"]
[Black "Venelli, Luiz Gonzaga"]
[Result "1-0"]
[WhiteElo "1837"]
[BlackElo "1592"]
[PlyCount "55"]
[EventDate "2018.04.07"]
[EventType "tourn"]
[EventRounds "11"]
[EventCountry "BRA"]
[SourceTitle "EXT 2022"]
[Source "ChessBase"]
[SourceDate "2021.10.06"]
[SourceVersion "1"]
[SourceVersionDate "2021.10.06"]
[SourceQuality "1"]

1. Nf3 Nf6 2. d4 g6 3. e3 Bg7 4. Bd3 d6 5. 0-0 0-0 6. c3 b6 7. Nbd2 Bb7 8. Re1 Nbd7 9. c4 e6 10. Rb1 c5 11. a3 Rc8 12. b4 Ba8 13. Bb2 d5 14. Ne5 Qc7 15. f4 dxc4 16. Bxc4 Ne4 17. Ba6 Rcd8 18. Ndf3 Ndf6 19. Qc2 Nd7 20. Bd3 Ndf6 21. Rbc1 Rc8 22. dxc5 bxc5 23. Bd4 Rfd8 24. bxc5 Bd5 25. Nd2 Qb7 26. c6 Nxd2 27. cxb7 Rxc2 28. Rxc2 1-0

[Event "Primeira-ch ECP"]
[Site "Sao Paulo"]
[Date "2018.04.28"]
[Round "3.1"]
[White "Zeituni, Carlos Alberto"]
[Black "Venelli, Luiz Gonzaga"]
[Result "1-0"]
[WhiteElo "1766"]
[BlackElo "1592"]
[PlyCount "41"]
[EventDate "2018.04.07"]
[EventType "tourn"]
[EventRounds "11"]
[EventCountry "BRA"]
[SourceTitle "EXT 2022"]
[Source "ChessBase"]
[SourceDate "2021.10.06"]
[SourceVersion "1"]
[SourceVersionDate "2021.10.06"]
[SourceQuality "1"]

1. e4 e5 2. Nf3 Nc6 3. d4 exd4 4. Bc4 d6 5. Ng5 Ne5 6. Qxd4 Nxc4 7. Qxc4 Qe7 8. 0-0 h6 9. Nf3 Nf6 10. Nc3 c6 11. Bf4 Be6 12. Qb4 0-0-0 13. Qa4 Kb8 14. e5 Ne8 15. exd6 Nxd6 16. Rad1 Ka8 17. Be3 Nc8 18. Nd4 Qb4 19. Nxe6 Rxd1 20. Rxd1 Qxb2 21. Qxa7+ 1-0

[Event "Sao Paulo SP ECP op 3rd"]
[Site "Sao Paulo"]
[Date "2017.11.19"]
[Round "5.17"]
[White "Amaral, Danilo Tokechi"]
[Black "Venelli, Luiz Gonzaga"]
[Result "0-1"]
[WhiteElo "1210"]
[BlackElo "1610"]
[PlyCount "82"]
[EventDate "2017.11.17"]
[EventType "swiss"]
[EventRounds "6"]
[EventCountry "BRA"]
[SourceTitle "EXT 2022"]
[Source "ChessBase"]
[SourceDate "2021.10.06"]
[SourceVersion "1"]
[SourceVersionDate "2021.10.06"]
[SourceQuality "1"]

1. e4 e5 2. Nf3 Nc6 3. Bc4 Be7 4. 0-0 Nf6 5. Re1 0-0 6. c3 d6 7. d3 a6 8. Be3 Na5 9. Nbd2 Ng4 10. h3 Nxe3 11. Rxe3 b5 12. Bd5 c6 13. Bb3 Nxb3 14. Nxb3 Be6 15. d4 Bg5 16. Nxg5 Qxg5 17. Na5 Rad8 18. d5 cxd5 19. exd5 Bd7 20. Rg3 Qh6 21. Qc1 Qf6 22. Qg5 Qxg5 23. Rxg5 f5 24. Re1 Rf6 25. Re3 f4 26. Rf3 h6 27. Rg4 Bxg4 28. hxg4 Rg6 29. Nc6 Rd7 30. Nb8 Ra7 31. Nc6 Rc7 32. Nb8 a5 33. Nc6 a4 34. b3 axb3 35. axb3 Rxg4 36. c4 bxc4 37. bxc4 e4 38. Ra3 Rb7 39. Ra8+ Kh7 40. Re8 Rb1+ 41. Kh2 Rh4# 0-1

[Event "Sao Paulo SP ECP op 3rd"]
[Site "Sao Paulo"]
[Date "2017.11.17"]
[Round "2.7"]
[White "Dos Reis, Leandro Aparecido C"]
[Black "Venelli, Luiz Gonzaga"]
[Result "1-0"]
[WhiteElo "2033"]
[BlackElo "1610"]
[PlyCount "49"]
[EventDate "2017.11.17"]
[EventType "swiss"]
[EventRounds "6"]
[EventCountry "BRA"]
[SourceTitle "EXT 2022"]
[Source "ChessBase"]
[SourceDate "2021.10.06"]
[SourceVersion "1"]
[SourceVersionDate "2021.10.06"]
[SourceQuality "1"]

1. e4 e6 2. d4 d5 3. Nc3 dxe4 4. Nxe4 Nc6 5. Nf3 Be7 6. Bd3 Nf6 7. Nxf6+ Bxf6 8. Be3 0-0 9. Qe2 Nb4 10. Be4 Nd5 11. Bd2 c5 12. c4 Ne7 13. 0-0-0 cxd4 14. g4 Ng6 15. g5 Be7 16. h4 e5 17. h5 Nf4 18. Bxf4 exf4 19. Rxd4 Qa5 20. Bxh7+ Kh8 21. Qxe7 Be6 22. h6 Rfe8 23. hxg7+ Kxg7 24. Qf6+ Kf8 25. Bf5 1-0

[Event "Sao Paulo Schutt Cup 10th"]
[Site "Sao Paulo"]
[Date "2016.10.30"]
[Round "5"]
[White "Venelli, Luiz Gonzaga"]
[Black "Barros, Roberto Viana Do Re"]
[Result "1-0"]
[WhiteElo "1753"]
[BlackElo "1492"]
[PlyCount "65"]
[EventDate "2016.10.28"]
[EventType "swiss"]
[EventRounds "6"]
[EventCountry "BRA"]
[SourceTitle "CBM 175 Extra"]
[Source "ChessBase"]
[SourceDate "2016.12.12"]
[SourceVersion "1"]
[SourceVersionDate "2016.12.12"]
[SourceQuality "1"]

1. e4 c5 2. Nf3 d6 3. Bc4 Nf6 4. Nc3 Nc6 5. a3 Bg4 6. h3 Bxf3 7. Qxf3 Ne5 8. Bb5+ Nfd7 9. Qd1 a6 10. Be2 g6 11. f4 Nc6 12. 0-0 Nd4 13. Bc4 Nb6 14. Ba2 Bg7 15. f5 0-0 16. d3 Rc8 17. Bg5 Qd7 18. fxg6 hxg6 19. Qd2 Ne6 20. Bh6 g5 21. Bxg7 Kxg7 22. Nd5 Rc6 23. Nxb6 Rxb6 24. Bxe6 Qxe6 25. Qxg5+ Qg6 26. Qd2 Rxb2 27. Qc3+ f6 28. Qxb2 Rh8 29. Rf3 Rh5 30. c3 Qg5 31. Qf2 Qg6 32. Rf1 Rh6 33. Rg3 1-0

[Event "Sao Paulo Schutt Cup 10th"]
[Site "Sao Paulo"]
[Date "2016.10.28"]
[Round "2"]
[White "Maranhao, Rodrigo de Albuquer"]
[Black "Venelli, Luiz Gonzaga"]
[Result "1-0"]
[WhiteElo "1508"]
[BlackElo "1753"]
[PlyCount "77"]
[EventDate "2016.10.28"]
[EventType "swiss"]
[EventRounds "6"]
[EventCountry "BRA"]
[SourceTitle "CBM 175 Extra"]
[Source "ChessBase"]
[SourceDate "2016.12.12"]
[SourceVersion "1"]
[SourceVersionDate "2016.12.12"]
[SourceQuality "1"]

1. d4 f5 2. Nc3 Nf6 3. Nf3 e6 4. a3 Be7 5. Bf4 0-0 6. e3 b6 7. h3 Bb7 8. Rg1 Ne4 9. Nxe4 fxe4 10. Nd2 Bh4 11. Qg4 Bf6 12. g3 Qc8 13. h4 d6 14. Bg5 e5 15. Qxc8 Bxc8 16. Bc4+ Kh8 17. Nxe4 Bb7 18. Nxf6 gxf6 19. Bh6 Re8 20. 0-0-0 d5 21. Bb3 c5 22. dxc5 Rd8 23. cxb6 axb6 24. g4 Na6 25. g5 Rd6 26. gxf6 Nc5 27. Ba2 Ne6 28. e4 Rg8 29. f7 Rg6 30. Rxg6 hxg6 31. f8Q+ Nxf8 32. Bxf8 Rf6 33. Be7 Rxf2 34. exd5 Bc8 35. d6 Bd7 36. Rh1 Bf5 37. Bb3 Bg4 38. Rg1 Bh5 39. d7 1-0

[Event "Sao Paulo ECP A"]
[Site "Sao Paulo"]
[Date "2016.05.14"]
[Round "8.3"]
[White "Van Riemsdijk, Marius Rombout"]
[Black "Venelli, Luiz Gonzaga"]
[Result "0-1"]
[WhiteElo "1770"]
[BlackElo "1761"]
[PlyCount "120"]
[EventDate "2016.03.12"]
[EventType "tourn"]
[EventRounds "11"]
[EventCountry "BRA"]
[SourceTitle "EXT 2022"]
[Source "ChessBase"]
[SourceDate "2021.10.06"]
[SourceVersion "1"]
[SourceVersionDate "2021.10.06"]
[SourceQuality "1"]

1. e4 c6 2. d4 d5 3. Nd2 dxe4 4. Nxe4 Bf5 5. Ng3 Bg6 6. Nf3 h6 7. Bd3 Bxd3 8. Qxd3 e6 9. 0-0 Nf6 10. Re1 Nbd7 11. c4 Be7 12. a3 0-0 13. b4 Qc7 14. Bb2 Rad8 15. Qc3 Nh7 16. Ne4 Ndf6 17. h3 Nxe4 18. Rxe4 Bf6 19. Rae1 b6 20. Qe3 c5 21. Ba1 cxd4 22. Bxd4 Bxd4 23. Rxd4 Nf6 24. Red1 Rxd4 25. Qxd4 Rc8 26. Ne5 Qb7 27. Rd3 Qe4 28. Qxe4 Nxe4 29. f3 Nf6 30. Kf2 Kf8 31. Ke3 Ke7 32. b5 Ra8 33. g4 g5 34. Nc6+ Kf8 35. f4 Ke8 36. Ne5 a6 37. a4 axb5 38. axb5 Ra7 39. Rd6 Ra3+ 40. Nd3 Nd7 41. Kd4 Ke7 42. Rc6 gxf4 43. h4 Rxd3+ 44. Kxd3 Ne5+ 45. Ke4 Nxc6 46. bxc6 e5 47. g5 h5 48. c7 Kd7 49. Kxe5 f3 50. Kf6 f2 51. Kxf7 f1Q+ 52. Kg6 Qf3 53. Kh7 Qg4 54. g6 Qxh4 55. g7 Qg5 56. g8Q Qxg8+ 57. Kxg8 Kxc7 58. Kf7 h4 59. Ke6 h3 60. Kd5 h2 0-1

[Event "Sao Paulo ECP A"]
[Site "Sao Paulo"]
[Date "2016.03.19"]
[Round "2.2"]
[White "Venelli, Luiz Gonzaga"]
[Black "Bicalho, Rafael Cury"]
[Result "1-0"]
[WhiteElo "1761"]
[BlackElo "1507"]
[PlyCount "49"]
[EventDate "2016.03.12"]
[EventType "tourn"]
[EventRounds "11"]
[EventCountry "BRA"]
[SourceTitle "EXT 2022"]
[Source "ChessBase"]
[SourceDate "2021.10.06"]
[SourceVersion "1"]
[SourceVersionDate "2021.10.06"]
[SourceQuality "1"]

1. f4 d6 2. Nf3 Nc6 3. e3 Nf6 4. b3 e5 5. fxe5 dxe5 6. Bb2 e4 7. Nd4 Ne5 8. Be2 Bd6 9. Nb5 Rg8 10. Nxd6+ Qxd6 11. a4 Bg4 12. Ba3 Qd7 13. Nc3 Bxe2 14. Qxe2 a6 15. 0-0-0 0-0-0 16. h3 h5 17. Rhf1 Qe6 18. Qf2 Rd7 19. Qf5 Qc6 20. Qxe5 Re8 21. Qc5 Qxc5 22. Bxc5 Nd5 23. Rf5 c6 24. Rdf1 Nxc3 25. dxc3 1-0

[Event "Sao Paulo ECP A"]
[Site "Sao Paulo"]
[Date "2016.03.12"]
[Round "1.5"]
[White "Pedote, Paschoal"]
[Black "Venelli, Luiz Gonzaga"]
[Result "0-1"]
[WhiteElo "1318"]
[BlackElo "1761"]
[PlyCount "50"]
[EventDate "2016.03.12"]
[EventType "tourn"]
[EventRounds "11"]
[EventCountry "BRA"]
[SourceTitle "EXT 2022"]
[Source "ChessBase"]
[SourceDate "2021.10.06"]
[SourceVersion "1"]
[SourceVersionDate "2021.10.06"]
[SourceQuality "1"]

1. e4 e6 2. Nf3 d5 3. exd5 exd5 4. c3 Bg4 5. Be2 Nf6 6. Ne5 Be6 7. d4 Bd6 8. Bg5 Nbd7 9. Nd2 Nxe5 10. dxe5 Bxe5 11. h3 0-0 12. Nf3 Bd6 13. Nd4 Bd7 14. Bg4 Re8+ 15. Ne2 Bc6 16. 0-0 h6 17. Bh4 Be7 18. Nd4 Nxg4 19. Nxc6 bxc6 20. Bxe7 Qd7 21. hxg4 Rxe7 22. f3 Rae8 23. Qd2 Re2 24. Qc1 Qd6 25. b4 Qg3 0-1

[Event "Sao Paulo ECP op 6th"]
[Site "Sao Paulo"]
[Date "2015.10.25"]
[Round "5"]
[White "Baccarin, Natalia Viaro"]
[Black "Venelli, Luiz Gonzaga"]
[Result "1-0"]
[WhiteElo "1920"]
[BlackElo "1772"]
[PlyCount "57"]
[EventDate "2015.10.23"]
[EventType "swiss"]
[EventRounds "6"]
[EventCountry "BRA"]
[SourceTitle "CBM 169 Extra"]
[Source "ChessBase"]
[SourceDate "2015.12.18"]
[SourceVersion "1"]
[SourceVersionDate "2015.12.18"]
[SourceQuality "1"]

1. e4 e5 2. Nf3 Nc6 3. Bb5 d6 4. c3 Bd7 5. 0-0 Be7 6. d4 Bf6 7. d5 Nce7 8. Bxd7+ Qxd7 9. c4 Ng6 10. Nc3 N8e7 11. Be3 b6 12. Qd2 a6 13. b4 c5 14. dxc6 Qxc6 15. Nd5 Nxd5 16. cxd5 Qb7 17. Rfc1 Ne7 18. b5 axb5 19. Qb4 Qd7 20. Bxb6 Ra4 21. Qb1 0-0 22. Rc7 Qg4 23. Nd2 Qe2 24. Be3 h6 25. Rc2 Qd3 26. Qd1 Kh7 27. Rb1 Ra3 28. Rcb2 Rb8 29. Rb3 1-0

[Event "Sao Paulo ECP op 6th"]
[Site "Sao Paulo"]
[Date "2015.10.24"]
[Round "3"]
[White "Rouanet, Luiz Paulo"]
[Black "Venelli, Luiz Gonzaga"]
[Result "1-0"]
[WhiteElo "2025"]
[BlackElo "1772"]
[PlyCount "79"]
[EventDate "2015.10.23"]
[EventType "swiss"]
[EventRounds "6"]
[EventCountry "BRA"]
[SourceTitle "CBM 169 Extra"]
[Source "ChessBase"]
[SourceDate "2015.12.18"]
[SourceVersion "1"]
[SourceVersionDate "2015.12.18"]
[SourceQuality "1"]

1. d4 d5 2. Nf3 g6 3. Bf4 Bg7 4. c3 Nf6 5. h3 b6 6. e3 0-0 7. Be2 a5 8. 0-0 Ba6 9. Nbd2 Bxe2 10. Qxe2 Nbd7 11. e4 dxe4 12. Nxe4 e6 13. Rfd1 Qc8 14. Rac1 Rd8 15. Bg5 Qb7 16. Nxf6+ Bxf6 17. Bxf6 Nxf6 18. Ne5 Qe4 19. Qc4 Qd5 20. Qxc7 Rf8 21. b3 Qd8 22. Qc4 Rc8 23. Qe2 Nd5 24. c4 Qg5 25. Nd3 Nf4 26. Nxf4 Qxf4 27. Rc3 Rfd8 28. Rf3 Qh4 29. Qe5 Rd7 30. Rfd3 Rcd8 31. Qe3 Qf6 32. a3 Kg7 33. b4 axb4 34. axb4 Ra7 35. c5 bxc5 36. dxc5 Rxd3 37. Qxd3 Ra1 38. Rxa1 Qxa1+ 39. Kh2 e5 40. c6 1-0

[Event "Sao Paulo ECP op 6th"]
[Site "Sao Paulo"]
[Date "2015.10.24"]
[Round "4"]
[White "Venelli, Luiz Gonzaga"]
[Black "Pedote, Paschoal"]
[Result "1-0"]
[WhiteElo "1772"]
[BlackElo "1330"]
[PlyCount "125"]
[EventDate "2015.10.23"]
[EventType "swiss"]
[EventRounds "6"]
[EventCountry "BRA"]
[SourceTitle "CBM 169 Extra"]
[Source "ChessBase"]
[SourceDate "2015.12.18"]
[SourceVersion "1"]
[SourceVersionDate "2015.12.18"]
[SourceQuality "1"]

1. e4 e5 2. Nf3 Nc6 3. Bc4 Be7 4. 0-0 Nf6 5. Nc3 0-0 6. a3 a6 7. d3 d6 8. h3 h6 9. Nh2 Nh7 10. f4 exf4 11. Bxf4 Bg5 12. Qh5 Nf6 13. Bxg5 Nxh5 14. Bxd8 Nxd8 15. Nd5 c6 16. Ne7+ Kh7 17. Rf3 Be6 18. Bxe6 Nxe6 19. Raf1 Ng5 20. R3f2 Ng3 21. Re1 Rae8 22. Nf5 Nxf5 23. Rxf5 g6 24. Rf6 d5 25. h4 Ne6 26. Ref1 Kg7 27. exd5 cxd5 28. c3 Nc5 29. d4 Nd7 30. Rd6 Nb8 31. Rxd5 Re2 32. Rf2 Rfe8 33. Nf3 Rxf2 34. Kxf2 Re7 35. Ne5 f6 36. Nf3 Kf7 37. g3 Ke6 38. c4 Rd7 39. Rc5 b6 40. Rc8 Rb7 41. b4 Kd7 42. Rh8 Rc7 43. c5 Rc8 44. Rxh6 bxc5 45. dxc5 Rg8 46. Nd4 Nc6 47. Rh7+ Kc8 48. Nxc6 Re8 49. Ra7 Re6 50. Ra8+ Kb7 51. Nd8+ Kxa8 52. Nxe6 Kb7 53. Ke3 Kc6 54. Nd4+ Kc7 55. Ke4 Kd7 56. Kd5 g5 57. h5 g4 58. h6 f5 59. Nxf5 a5 60. h7 a4 61. h8Q Kc7 62. Qh7+ Kd8 63. Kd6 1-0

[Event "Sao Paulo ECP Etapa Jarbas Karman V"]
[Site "Sao Paulo"]
[Date "2015.10.11"]
[Round "5.7"]
[White "Venelli, Luiz Gonzaga"]
[Black "Dutra, Liliam Guedes"]
[Result "1-0"]
[WhiteElo "1772"]
[BlackElo "1570"]
[PlyCount "101"]
[EventDate "2015.10.09"]
[EventType "swiss"]
[EventRounds "6"]
[EventCountry "BRA"]
[SourceTitle "EXT 2022"]
[Source "ChessBase"]
[SourceDate "2021.10.06"]
[SourceVersion "1"]
[SourceVersionDate "2021.10.06"]
[SourceQuality "1"]

1. f4 d5 2. Nf3 Nf6 3. b3 g6 4. Bb2 Bg7 5. e3 0-0 6. Be2 b6 7. 0-0 Bb7 8. Qe1 c5 9. Qh4 e6 10. Ne5 Nc6 11. d4 Nxe5 12. fxe5 Nd7 13. Qg3 f6 14. exf6 Bxf6 15. Nd2 Rc8 16. c4 cxd4 17. exd4 Qc7 18. Qxc7 Rxc7 19. Bg4 Re8 20. Rae1 Nc5 21. Rxf6 Nd3 22. Rb1 Kg7 23. Rff1 h5 24. Be2 Nxb2 25. Rxb2 e5 26. dxe5 Rxe5 27. Nf3 Ree7 28. Nd4 a6 29. cxd5 Bxd5 30. Bxa6 Re4 31. Rd2 Rce7 32. Nf5+ gxf5 33. Rxd5 f4 34. Rf5 Re1 35. R5xf4 Rxf1+ 36. Kxf1 Rd7 37. a4 Rd1+ 38. Ke2 Rb1 39. Bc4 Rb2+ 40. Kf3 Rc2 41. Re4 Kf8 42. Re6 Rc3+ 43. Re3 Rc2 44. h3 h4 45. Be2 Rc7 46. Re4 Rc3+ 47. Re3 Rc7 48. Bc4 Rh7 49. Re5 Rh6 50. Re6 Rh7 51. Rxb6 1-0

[Event "Sao Paulo ECP Etapa Jarbas Karman V"]
[Site "Sao Paulo"]
[Date "2015.10.10"]
[Round "4.6"]
[White "Itagyba, Renan Fortes"]
[Black "Venelli, Luiz Gonzaga"]
[Result "1-0"]
[WhiteElo "1508"]
[BlackElo "1772"]
[PlyCount "67"]
[EventDate "2015.10.09"]
[EventType "swiss"]
[EventRounds "6"]
[EventCountry "BRA"]
[SourceTitle "EXT 2022"]
[Source "ChessBase"]
[SourceDate "2021.10.06"]
[SourceVersion "1"]
[SourceVersionDate "2021.10.06"]
[SourceQuality "1"]

1. c4 c6 2. Nc3 d5 3. cxd5 cxd5 4. Nf3 Nf6 5. g3 Nc6 6. Bg2 e5 7. d3 d4 8. Nb1 Bb4+ 9. Bd2 Bd6 10. 0-0 0-0 11. Bg5 h6 12. Bxf6 Qxf6 13. Nbd2 Bf5 14. Rc1 Rac8 15. a3 Qe6 16. Nc4 Bb8 17. b4 Ne7 18. e4 Bg4 19. Qd2 Qf6 20. Nh4 b5 21. Na5 g5 22. Nf5 Bxf5 23. exf5 Qxf5 24. Qe2 Qe6 25. Qh5 Qg6 26. Qf3 Qe6 27. Qb7 Rc3 28. Rxc3 dxc3 29. Rc1 Nf5 30. Bh3 Qf6 31. Bxf5 Qxf5 32. Rxc3 Qe6 33. Rc6 Qd5 34. Rg6+ 1-0

[Event "Sao Paulo Esporte CC-B"]
[Site "Sao Paulo"]
[Date "2015.06.20"]
[Round "9"]
[White "Venelli, Luiz Gonzaga"]
[Black "Bicalho, Rafael Cury"]
[Result "1-0"]
[WhiteElo "1806"]
[BlackElo "1542"]
[PlyCount "63"]
[EventDate "2015.04.11"]
[EventType "tourn"]
[EventRounds "11"]
[EventCountry "BRA"]
[SourceTitle "EXT 2017"]
[Source "ChessBase"]
[SourceDate "2016.10.25"]
[SourceVersion "1"]
[SourceVersionDate "2016.10.25"]
[SourceQuality "1"]

1. e4 e5 2. Bc4 Nf6 3. Nc3 Nc6 4. Nf3 Bc5 5. 0-0 d6 6. h3 0-0 7. d3 Na5 8. Bb3 Nxb3 9. axb3 a6 10. Bg5 h6 11. Bh4 g5 12. Bg3 Nh5 13. Kh2 g4 14. Nh4 Qg5 15. Qc1 Nf4 16. Bxf4 exf4 17. g3 fxg3+ 18. fxg3 Be3 19. Qe1 gxh3 20. Nd5 Bb6 21. Nxb6 cxb6 22. Qf2 d5 23. Qxb6 dxe4 24. dxe4 Qe5 25. Rae1 Qxb2 26. Rf2 Qc3 27. Ref1 Qc6 28. Qe3 h5 29. Rf6 Qxc2+ 30. R1f2 Qc7 31. Qg5+ Kh8 32. Rh6# 1-0

[Event "Sao Paulo Esporte CC-B"]
[Site "Sao Paulo"]
[Date "2015.06.13"]
[Round "8"]
[White "Pedote, Paschoal"]
[Black "Venelli, Luiz Gonzaga"]
[Result "0-1"]
[WhiteElo "1734"]
[BlackElo "1806"]
[PlyCount "78"]
[EventDate "2015.04.11"]
[EventType "tourn"]
[EventRounds "11"]
[EventCountry "BRA"]
[SourceTitle "EXT 2017"]
[Source "ChessBase"]
[SourceDate "2016.10.25"]
[SourceVersion "1"]
[SourceVersionDate "2016.10.25"]
[SourceQuality "1"]

1. e4 e5 2. Nf3 Nf6 3. Nc3 Nc6 4. Bc4 Bc5 5. d3 0-0 6. 0-0 d6 7. Bg5 Be6 8. Bd5 h6 9. Bh4 Nd4 10. Bxb7 Rb8 11. Bd5 Rxb2 12. Rb1 Nxf3+ 13. gxf3 Bh3 14. Re1 Qb8 15. Na4 Rxb1 16. Qxb1 Bb4 17. c3 Ba5 18. Qxb8 Rxb8 19. Bb3 Bd7 20. Rc1 g5 21. Bg3 h5 22. h4 g4 23. f4 exf4 24. Bxf4 Bxa4 25. Bxa4 Rb2 26. Bb3 Bb6 27. d4 Nxe4 28. Be3 Kg7 29. Rf1 Nxc3 30. Bc1 Ne2+ 31. Kh1 Nxc1 32. Rxc1 Rxf2 33. Rd1 f5 34. Kg1 g3 35. Bd5 f4 36. Re1 Bxd4 37. Re7+ Kf8 38. Re4 Bb6 39. Re1 Rd2+ 0-1